000
00283nam a22001337a 4500
020
_a
9788184654639
082
_a
270.82 DIP
100
_a
Dip Kasta
245
_a
Unwavering Ecumenist
260
_a
New Delhi
_b
ISPCK/IPC
_c
2014
300
_a
122
650
_a
ecuminism
942
_c
BK
999
_c
19942
_d
19942